[Event "It (open)"]
[Site "Biel (Switzerland)"]
[Date "2005.07.29"]
[Round "11"]
[White "Sriram Jha (IND)"]
[Black "Cebalo Miso (CRO)"]
[Result "1-0"]
[WhiteElo "2453"]
[BlackElo "2512"]

1.d4 Nf6 2.c4 e6 3.Nf3 c5 4.d5 exd5 5.cxd5 d6 6.Nc3 g6 7.Nd2 Bg7 8.e4 O-O
9.Be2 Na6 10.O-O Ne8 11.Nc4 Nac7 12.a4 f5 13.exf5 Rxf5 14.Bg4 Rf8 15.Be3 b6
16.Be2 Bb7 17.Qd2 Qd7 18.h3 Nf6 19.Bf3 Rad8 20.Rad1 Ba6 21.b3 b5 22.axb5 Nxb5
23.Ne2 Nc7 24.Bf4 Nce8 25.Qa5 Bb5 26.Bg3 g5 27.Nc3 Rb8 28.Nxb5 Rxb5 29.Qa4 Rb4
30.Qxd7 Nxd7 31.Nxd6 Ne5 32.Bxe5 Bxe5 33.Nxe8 Rxe8 34.Rfe1 Kf8 35.d6 Bd4
36.Rxe8+ Kxe8 37.Bc6+ Kf7 38.d7 Rb8 39.Re1 Bf6 40.Re8 Rd8 41.Kf1 Be7 42.Ke2
Ke6 43.Kd3 Kd6 44.Ba4 Bf6 45.Ke4 Kc7 46.Kf5 {#r} 1-0

[Event "Ch France"]
[Site "Chartres (France)"]
[Date "2005.08.16"]
[Round "11"]
[White "Lautier Joel (FRA)"]
[Black "Bauer Christian (FRA)"]
[Result "1-0"]
[WhiteElo "2680"]
[BlackElo "2625"]

{ Bauer Christian (FRA) +0 =0 -1 } 1.d4 Nf6 2.c4 g6 3.Nc3 Bg7 4.e4 d6 5.Nf3
O-O 6.Be2 c5 7.O-O Na6 8.d5 e6 { ? } 9.Bg5 ( 9.dxe6 Bxe6 10.Bf4 Qb6 11.Qd2
Rad8 12.Rac1 Rfe8 13.h3 Nb4 14.Rfe1 Nc6 15.b3 Bc8 16.Bg5 Rd7 17.Bd3 Ne5 18.Nh2
Nxd3 19.Qxd3 h6 20.Bxf6 Bxf6 21.Nd5 Qd8 22.Nxf6+ Qxf6 23.Ng4 Qg7 24.Qf3 Re6
25.Ne3 b6 26.Qf4 Bb7 27.f3 Rde7 28.Rcd1 Qc3 { ...1-0, Sakaev Konstantin 2669 -
Giaccio Alfredo 2467 , Internet 14. 3.2003 Dos Hermanas Qualifier (14-B) } )
9...h6 ( 9...Nc7 10.a4 exd5 11.cxd5 Re8 12.Nd2 Rb8 13.Qc2 h6 14.Bf4 Qe7
15.Rae1 Nd7 16.Nc4 Ne5 17.Qd2 Bd7 18.Bxh6 Bxh6 19.Qxh6 b5 20.Ne3 b4 21.Nb1
Bxa4 22.f4 Nd7 23.Nf5 Qf6 24.Rf3 Rxe4 25.Rh3 Nf8 26.Nd2 Rbe8 27.Nxe4 Rxe4
28.Ng3 Rxf4 29.Bf3 { ...0-1, Miton Kamil 2415 - Mista Aleksander 2255 ,
Trzebinia 1998 Ch Poland (juniors) (under 20) } ) 10.Bh4 ( 10.Be3 Re8 11.h3
exd5 12.exd5 Bf5 13.g4 Bd7 14.Nd2 Nh7 15.Bf4 f5 16.Bxd6 Ng5 17.Kg2 Qb6 18.Nb5
Bxb5 19.cxb5 Qxd6 20.bxa6 Qxd5+ 21.Nf3 Qe4 22.Bd3 Qxf3+ 23.Qxf3 Nxf3 24.Kxf3
fxg4+ 25.hxg4 Rf8+ 26.Kg2 b6 27.Rae1 Bxb2 28.Bxg6 Rf4 29.Be4 Rd8 { ...1/2-1/2,
Sunye Neto Jaime 2530 - Zapata Alonso 2510 , Bogota 1991 It } ) ( 10.Bf4 exd5
11.cxd5 Nc7 12.Nd2 Re8 13.a4 b6 14.Bg3 Rb8 15.f4 a6 16.Re1 b5 17.Bf3 Bb7
18.Qc2 Nd7 19.axb5 axb5 20.Ra7 Bd4+ 21.Kh1 c4 22.Rxb7 Rxb7 23.e5 Nc5 24.Nde4
Nd3 25.Rd1 dxe5 26.fxe5 Bxe5 27.d6 Ne6 28.Bxe5 Nxe5 29.Nd5 f5 { ...1-0, De
Santis Alessio 2352 - Lapiccirella Mattia 2124 , Salsomaggiore 1999 It (open)
} ) 10...exd5 { N } ( 10...Nc7 11.Nd2 Qe8 12.a4 e5 13.Kh1 Na6 14.Rg1 Nh7 15.g4
Qd7 16.Ra3 Nb4 17.Nf1 Ng5 18.Bxg5 hxg5 19.Ng3 Bf6 20.a5 Kg7 21.Qd2 Rh8 22.f3
Bd8 23.Na2 Na6 24.Bd1 Qe7 25.Ne2 Rb8 26.Nec1 Qf6 27.Nd3 b5 28.axb6 axb6 29.Be2
b5 30.cxb5 { ...0-1, Soyer Jean-Yves 2160 - Ionescu Cristian 2300 , Avoine
1999 It (open) } ) ( 10...g5 11.Bg3 exd5 12.cxd5 Bg4 13.h3 Bxf3 14.Bxf3 Nc7
15.a4 Re8 16.Re1 Nh7 17.Qc2 b6 18.Rad1 a6 19.e5 dxe5 20.d6 Ne6 21.d7 Re7
22.Bxa8 Qxa8 23.Bxe5 Qd8 24.Bxg7 Kxg7 25.Qe4 Rxd7 26.Qe5+ Kg8 27.Rxd7 Qxd7
28.Qb8+ Kg7 29.Qxb6 Qd2 30.Rd1 { ...1/2-1/2, Branda Ralf 1900 - Bottino Cesare
1945 , Caorle 1984 It (open) } ) 11.cxd5 g5 12.Bg3 Nh5 13.Nd2 Nxg3 14.hxg3 Nc7
15.a4 f5 ( 15...Rb8 16.Nc4 a6 17.a5 Nb5 18.Na4 Nd4 19.Nab6 Qe7 20.Nxc8 Nxe2+
21.Qxe2 Rbxc8 22.Qg4 Rce8 23.Rae1 Bd4 24.Qf5 Kg7 25.g4 Rh8 26.g3 h5 27.Kg2
hxg4 28.Qxg4 Rh6 29.f3 Reh8 30.Rh1 Qf6 31.Qf5 Qxf5 32.exf5 Rxh1 33.Rxh1 Re8
34.Kf1 Be5 35.Rh5 { ...1/2-1/2, Bobotsov Milko G 2405 - Antunac Goran 2384 ,
Zagreb 1964 It } ) 16.exf5 Bxf5 17.Nc4 ( 17.g4 Bg6 18.Nc4 Bd4 19.Bd3 Qf6
20.Ne3 Rae8 21.Bxg6 Qxg6 22.Nf5 Be5 23.Qd3 Kh8 24.g3 Re7 25.Kg2 Rh7 26.Rh1 Ne8
27.Ne4 h5 28.Rae1 Nf6 29.Nxf6 Qxf6 30.b3 Rff7 31.f3 a6 { 1/2-1/2, Lisik Valery
2440 - Horvath Julia 2226 , Budapest 1990 It (open) "Budapest Spring" } )
17...Bd4 { -0.11 CAP N } 18.Bd3 Qd7 19.Bxf5 Rxf5 20.Ne2 Rxd5 21.Qb3 Qf7
22.Rad1 Rf8 23.Nxd4 Rxd4 24.Rxd4 cxd4 25.Qd3 Qf6 26.Na5 Kh8 27.Qc4 b6 { ?! } (
27...Rf7 28.Nxb7 d5 29.Qe2 Re7 { } ) 28.Qxc7 bxa5 29.Qxa5 d3 30.Qd5 Qxb2
31.Qxd6 Qf6 32.Qxd3 Kg7 33.a5 Qe5 34.Qd2 Re8 35.Rc1 Re7 36.Qd8 g4 { ?! } (
36...Qf6 37.Rc7 Rxc7 38.Qxc7+ Qf7 { } ) 37.Rc4 h5 38.Rc8 Kg6 39.Qg8+ Rg7
40.Rc6+ Kg5 41.Qh8 Qa1+ 42.Kh2 Qh1+ 43.Kxh1 { } {#r} 1-0

[Event "It (cat.8)"]
[Site "Alushta (Ukraine)"]
[Date "2005.09.05"]
[Round "2"]
[White "Chuprikov Dmitry (RUS)"]
[Black "Truskavetsky Alexandr (UKR)"]
[Result "0-1"]
[WhiteElo "2423"]
[BlackElo "2409"]

1.d4 Nf6 2.c4 e6 3.Nc3 c5 4.d5 exd5 5.cxd5 d6 6.e4 g6 7.Nf3 Bg7 8.Bg5 O-O
9.Be2 b6 10.O-O Re8 11.Nd2 Ba6 12.Re1 Bxe2 13.Qxe2 a6 14.a4 Nbd7 15.h3 Qc7
16.Nc4 Ne5 17.Nxe5 Rxe5 18.f4 Ree8 19.Qc4 Nh5 20.f5 Bd4+ 21.Be3 b5 22.axb5
axb5 23.Rxa8 bxc4 24.Rxe8+ Kg7 25.e5 dxe5 26.fxg6 hxg6 27.Bxd4 cxd4 28.Ne4 Qa5
{#R} 0-1

[Event "It (open) \"]
[Site "Obrenovac (Yugoslavia)"]
[Round "7"]
[White "Stavrianakis Ioannis (GRE)"]
[Black "Zlatanovic Miroslav (SRB)"]
[Result "1-0"]
[WhiteElo "2114"]
[BlackElo "2030"]

1.d4 Nf6 2.c4 g6 3.Nc3 Bg7 4.Nf3 c5 5.d5 d6 6.e4 O-O 7.Be2 Bg4 8.O-O e6 9.h3
Bxf3 10.Bxf3 exd5 11.cxd5 Re8 12.Re1 Na6 13.Bf4 Qd7 14.a4 Nc7 15.Qb3 b6 16.e5
dxe5 17.Bxe5 Rad8 18.Rad1 Nh5 19.Bxg7 Nxg7 20.Ne4 Qf5 21.Bg4 Qe5 22.d6 Nce6
23.Rd5 Qf4 24.g3 Qh6 25.Nf6+ Kh8 26.Nxe8 Rxe8 27.Qc3 Kg8 28.d7 Rd8 29.Qf6 {#r}
1-0

[Event "Ch Slovakia (team) 2005/06 (1 liga) West"]
[Site "Slovakia"]
[Round "9"]
[White "Djubek Boris (SVK)"]
[Black "Obdrzalkova Anita (SVK)"]
[Result "1-0"]
[WhiteElo "2174"]
[BlackElo "2058"]

1.d4 Nf6 2.c4 e6 3.Nc3 c5 4.d5 exd5 5.cxd5 d6 6.e4 g6 7.Nf3 Bg7 8.Be2 Bg4 9.h3
Bxf3 10.Bxf3 O-O 11.O-O Re8 12.Qb3 Qd7 13.Re1 Na6 14.Bf4 Nb4 15.Rad1 a5 16.a4
Re7 17.Nb5 Ne8 18.Bg4 Qd8 19.Bg5 Bf6 20.Bxf6 Nxf6 21.Bf3 Re5 22.Na3 Re7 23.Nc4
Ra6 24.Qc3 Nd7 25.b3 Qe8 26.e5 dxe5 27.d6 Re6 28.Bxb7 Ra7 29.Bd5 Nxd5 30.Rxd5
e4 31.Rdd1 Ra6 32.Nxa5 Raxd6 33.Nc4 Rxd1 34.Rxd1 Ne5 35.Nxe5 Rxe5 36.a5 e3
37.fxe3 Rxe3 38.Qxc5 Rxb3 39.a6 Rb8 40.a7 Ra8 41.Qb6 Kg7 42.Qd4+ Kg8 43.Rb1 h5
44.Qf4 Kh7 45.Rb8 Qe1+ 46.Kh2 {#r} 1-0

[Event "It (open) \"]
[Site "Moscow (Russia)"]
[Date "2006.02.10"]
[Round "4"]
[White "Shimanov Aleksandr (RUS)"]
[Black "Prathamesh Sunil Mokal (IND)"]
[Result "0-1"]
[WhiteElo "2389"]
[BlackElo "2335"]

1.d4 Nf6 2.c4 e6 3.Nf3 c5 4.d5 exd5 5.cxd5 d6 6.Nc3 g6 7.e4 Bg7 8.Nd2 O-O
9.Be2 Na6 10.O-O Nc7 11.a4 b6 12.Nc4 Ba6 13.Bf4 Bxc4 14.Bxc4 Nh5 15.Be3 a6
16.Qd3 Qd7 17.Rab1 Rfb8 18.Qd2 Nf6 19.b4 b5 20.axb5 axb5 21.Be2 c4 22.f4 Ra3
23.Bf3 Qe7 24.Bd4 Nd7 25.Rfe1 Bxd4+ 26.Qxd4 f6 27.Bg4 f5 28.Bf3 fxe4 29.Nxe4
Rf8 30.Bg4 Nf6 31.Ng5 Qg7 32.Be6+ Kh8 33.Rbd1 h6 34.Nf3 Nh5 35.f5 g5 36.Qb6
Ra6 37.Qe3 Nf4 38.h4 Ra2 39.Rd2 Rxd2 40.Nxd2 Ncxd5 41.Bxd5 Nxd5 42.Qe6 Qd4+
43.Kf1 Rf6 44.Qe8+ Kg7 45.Nf3 Qd3+ 46.Kg1 Qxf5 47.hxg5 hxg5 48.Rf1 Qg4 49.Qxb5
Nf4 50.Ne1 Ne2+ {#R} 0-1

[Event "It (open)"]
[Site "La Fere (France)"]
[Date "2006.07.08"]
[Round "1"]
[White "Dagnicourt Francis (FRA)"]
[Black "Achereiner Guillaume (FRA)"]
[Result "0-1"]
[WhiteElo "1809"]
[BlackElo "1984"]

1.d4 Nf6 2.c4 c5 3.d5 e6 4.Nc3 exd5 5.cxd5 d6 6.e4 g6 7.Bg5 Bg7 8.Be2 O-O
9.Nf3 Bg4 10.O-O Re8 11.h3 Bxf3 12.Bxf3 Nbd7 13.Qc2 a6 14.a4 b6 15.Be2 h6
16.Bf4 Qc7 17.Bh2 c4 18.Rac1 Qc5 19.Kh1 b5 20.axb5 axb5 21.f3 Ra5 22.Ra1 Rea8
23.Rxa5 Rxa5 24.b3 cxb3 25.Qxb3 Ra3 26.Bxd6 Qxd6 27.Nxb5 Rxb3 28.Nxd6 Nh5
29.Re1 Re3 30.Kg1 Bd4 {#R} 0-1

[Event "It (open)"]
[Site "Oberwart (Austria)"]
[Date "2006.07.10"]
[Round "3"]
[White "Balinov Ilija (AUT)"]
[Black "Kilgus Georg (AUT)"]
[Result "1-0"]
[WhiteElo "2510"]
[BlackElo "2331"]

1.d4 Nf6 2.c4 e6 3.Nf3 c5 4.d5 d6 5.Nc3 exd5 6.cxd5 g6 7.Nd2 Nbd7 8.e4 Bg7
9.Be2 O-O 10.O-O Ne8 11.Nc4 Ne5 12.Ne3 f5 13.f4 Nd7 14.exf5 gxf5 15.Bd3 Nb6
16.Kh1 Bd7 17.Bd2 Nc8 18.Ne2 b5 19.Ng3 Ne7 20.Qh5 Nf6 21.Qf3 Qc8 22.Rae1 Kh8
23.Bc3 Ne8 24.Qh5 Bxc3 25.bxc3 Nc7 26.Qh3 Rf7 27.c4 bxc4 28.Nxc4 Qb7 29.Qh6
Ne8 30.Rxe7 {#r} 1-0

[Event "Ch Europe (seniors)"]
[Site "Davos (Switzerland)"]
[Date "2006.08.06"]
[Round "2"]
[White "Fatzer Ernst (SUI)"]
[Black "Klundt Klaus (GER)"]
[Result "0-1"]
[WhiteElo "2114"]
[BlackElo "2373"]

1.d4 Nf6 2.Nf3 c5 3.d5 e6 4.c4 exd5 5.cxd5 g6 6.Nc3 Bg7 7.e4 d6 8.Be2 Bg4 9.h3
Bxf3 10.Bxf3 O-O 11.O-O Nbd7 12.Bf4 Qe7 13.Qc2 Rab8 14.Nb5 Ne5 15.Bxe5 Qxe5
16.Nxa7 Ne8 17.b3 Nc7 18.a4 Ra8 19.Nc6 bxc6 20.dxc6 Ne6 21.Qd3 Nd4 22.Rad1
Rfc8 23.Bg4 Rxc6 24.f4 Qe7 25.Qc4 Rb6 26.Rd3 Qxe4 27.Bf3 Nxf3+ 28.Rfxf3 Qxc4
29.bxc4 Rxa4 {#R} 0-1

[Event "It (open) \"]
[Site "Berlin (Germany)"]
[Date "2006.08.19"]
[Round "1"]
[White "Schrodt Horst (GER)"]
[Black "Diehl Klaus (GER)"]
[Result "0-1"]
[WhiteElo "1664"]
[BlackElo "2104"]

1.d4 Nf6 2.c4 e6 3.Nc3 c5 4.d5 exd5 5.cxd5 d6 6.e4 g6 7.Nf3 Bg7 8.Bf4 O-O
9.Be2 Bg4 10.h3 Bxf3 11.Bxf3 a6 12.O-O b5 13.e5 dxe5 14.Bxe5 Nbd7 15.Bxf6 Qxf6
16.Rb1 Ne5 17.Be2 Rad8 18.Ne4 Qb6 19.b3 Rfe8 20.Kh1 Nc6 21.Bf3 Nb4 22.d6 f5
23.d7 Re7 24.Nxc5 Qxc5 25.Rc1 Qb6 26.Rc8 Nxa2 27.Qd5+ Kf8 28.Rxd8+ Qxd8 29.Qd2
Nc3 30.Bc6 Bf6 31.Re1 Rxe1+ 32.Qxe1 Qe7 33.Qc1 Qd6 34.Qe3 Qd1+ 35.Kh2 Ne2
36.f4 Bh4 {#R} 0-1

[Event "US Chess League"]
[Site "Internet"]
[Date "2006.08.30"]
[Round "1"]
[White "Kuljasevic Davorin (CRO)"]
[Black "Pruess David (USA)"]
[Result "1-0"]
[WhiteElo "2448"]
[BlackElo "2404"]

1.d4 Nf6 2.c4 c5 3.d5 e6 4.Nc3 exd5 5.cxd5 d6 6.Nf3 g6 7.Nd2 Bg7 8.e4 O-O
9.Be2 Na6 10.O-O Nc7 11.a4 b6 12.f3 Nh5 13.f4 Bd4+ 14.Kh1 Qh4 15.Bxh5 Qxh5
16.Qxh5 gxh5 17.Ne2 Ba6 18.Nxd4 Bxf1 19.Nf5 Ba6 20.Ra3 Ne8 21.Rg3+ Kh8 22.b3
Rd8 23.Bb2+ f6 24.Nc4 b5 25.axb5 Bxb5 26.Na5 Rb8 27.e5 fxe5 28.Nxd6 h6
29.Bxe5+ Kh7 30.h3 h4 31.Rc3 a6 32.Rxc5 Nxd6 33.Bxd6 Rfc8 34.Bc7 Bd7 35.d6 Rb5
36.Rxb5 Bxb5 37.Nc4 Rf8 38.Kg1 Kg6 39.Ne5+ Kf5 40.Nf3 Ke6 41.f5+ Kf6 42.Nxh4
Re8 43.Bb6 Re1+ 44.Kh2 Rb1 45.Bd4+ Kf7 46.Nf3 Rxb3 47.Ne5+ Ke8 48.f6 Rd3
49.d7+ Bxd7 50.f7+ {#r} 1-0

[Event "Ch Austria (qual)"]
[Site "Koeflach (Austria)"]
[Date "2006.09.03"]
[Round "2"]
[White "Krebs Johann (AUT)"]
[Black "Lendwai Reinhard (AUT)"]
[Result "0-1"]
[WhiteElo "2276"]
[BlackElo "2429"]

1.d4 Nf6 2.c4 e6 3.Nf3 c5 4.d5 exd5 5.cxd5 d6 6.Nc3 g6 7.Nd2 Bg7 8.e4 O-O
9.Be2 Na6 10.O-O Nc7 11.a4 b6 12.Re1 Nd7 13.f4 Re8 14.Nc4 Bd4+ 15.Kh1 Nf6
16.Bf3 Ba6 17.Nxd6 Qxd6 18.e5 Bxe5 19.fxe5 Rxe5 20.Rxe5 Qxe5 21.Bh6 Rd8 22.Qd2
Qf5 23.Re1 Bc4 24.b3 Bxb3 25.Ne4 Nce8 26.Bg5 h6 27.Bxf6 Nxf6 28.Qb2 Nxe4
29.Bxe4 Re8 30.Qxb3 Rxe4 31.Rd1 c4 32.Qb5 Rd4 33.Qe8+ Kg7 34.Qe1 Rxd5 35.Qc3+
Kh7 36.Re1 Qd3 {#R} 0-1

[Event "Memorial L.Rudenko (w)"]
[Site "St. Petersburg (Russia)"]
[Date "2006.09.30"]
[Round "5"]
[White "Lupik Marina (RUS)"]
[Black "Borisova Elizaveta (RUS)"]
[Result "1-0"]
[WhiteElo "2224"]
[BlackElo "2182"]

1.d4 Nf6 2.c4 c5 3.d5 e6 4.Nc3 exd5 5.cxd5 d6 6.e4 g6 7.Nf3 Bg7 8.Be2 O-O
9.Nd2 Na6 10.O-O Nc7 11.a4 b6 12.Nc4 Ba6 13.Bf4 Bxc4 14.Bxc4 Nh5 15.Be3 a6
16.Be2 Nf6 17.f4 b5 18.e5 dxe5 19.Bxc5 Re8 20.axb5 axb5 21.Rxa8 Qxa8 22.d6 Qc6
23.Bf2 b4 24.fxe5 bxc3 25.Bf3 Nfd5 26.dxc7 c2 27.Qxd5 Qxc7 28.Be3 Bxe5 29.Bc1
Bxh2+ 30.Kh1 Bg3 31.Bg4 Qe7 32.Qd7 Qh4+ 33.Bh3 Rf8 34.Qg4 h5 35.Qxh4 Bxh4
36.Bd7 Ra8 37.Bb5 Ra1 38.Bd3 Bf6 39.g3 Bd4 40.Kg2 Ra8 41.Bxc2 Rb8 42.b3 Rc8
43.Bd3 {#r} 1-0

[Event "Bundesliga 2006/07 (w)"]
[Site "Germany"]
[Date "2006.10.21"]
[Round "1"]
[White "Foisor Sabina-Francesca (USA)"]
[Black "Vasilevich Tatjana (UKR)"]
[Result "1-0"]
[WhiteElo "2326"]
[BlackElo "2396"]

1.d4 Nf6 2.c4 e6 3.Nc3 c5 4.d5 exd5 5.cxd5 d6 6.Nf3 g6 7.Nd2 Bg7 8.e4 O-O
9.Be2 Na6 10.O-O Nc7 11.Qc2 Rb8 12.a4 b6 13.Rb1 Ba6 14.Bxa6 Nxa6 15.Nc4 Nb4
16.Qd1 a6 17.Re1 Ne8 18.Qe2 Qd7 19.a5 b5 20.Nb6 Qe7 21.Bf4 Rd8 22.Qd2 Nc7
23.Rbd1 Na8 24.Nxa8 Rxa8 25.Bg5 Qc7 26.e5 dxe5 27.Ne4 Rfb8 28.Rc1 Qxa5 29.Nxc5
Bf8 30.Nd7 Bd6 31.Bf6 Bf8 32.Nxf8 Rxf8 33.Rxe5 {#r} 1-0

[Event "It (open)"]
[Site "Lienz (Austria)"]
[Date "2007.02.14"]
[Round "6"]
[White "Horvath Peter_ (HUN)"]
[Black "Srienz Christian (AUT)"]
[Result "1-0"]
[WhiteElo "2469"]
[BlackElo "2214"]

1.d4 Nf6 2.c4 e6 3.Nf3 c5 4.d5 d6 5.Nc3 exd5 6.cxd5 g6 7.Nd2 Bg7 8.e4 O-O
9.Be2 Na6 10.O-O Ne8 11.Re1 Nac7 12.a4 Bd7 13.Nc4 b5 14.axb5 Nxb5 15.Nxb5 Bxb5
16.Na5 Nc7 17.Nc6 Bxc6 18.dxc6 Ne6 19.Ba6 Rb8 20.Bb7 Bd4 21.Rxa7 Qb6 22.Ra6
Qc7 23.Bd2 Bxb2 24.Ba5 Qe7 25.Ra7 Bd4 26.Bb6 Kg7 27.Qf3 Be5 28.Ba6 Qe8 29.c7
Nxc7 30.Bxc7 Ra8 31.Rxa8 Qxa8 32.Qd3 Qc6 33.Ba5 Qa4 34.Bc3 Rb8 35.Bc4 Kg8
36.Bxe5 dxe5 {#r} 1-0

[Event "Bundesliga 2006/07"]
[Site "Germany"]
[Date "2007.02.24"]
[Round "10"]
[White "Ftacnik Lubomir (SVK)"]
[Black "Rustemov Alexander (RUS)"]
[Result "1-0"]
[WhiteElo "2553"]
[BlackElo "2540"]

{ Ftacnik Lubomir (SVK) +3 =1 -0 } 1.d4 e6 2.c4 c5 3.d5 exd5 4.cxd5 g6 5.Nc3
d6 6.Nf3 Bg7 7.Nd2 Nf6 8.e4 O-O 9.Be2 Na6 10.O-O Nc7 11.a4 { ?/= } 11...Nfe8 (
11...b6 12.Kh1 Re8 13.f3 Nh5 14.Nc4 f5 15.g3 Ba6 16.exf5 gxf5 17.f4 Bxc3
18.bxc3 Rxe2 19.Qxe2 Qe8 20.Qd3 Nf6 21.Bb2 Ncxd5 22.Qxf5 Bxc4 23.Rfe1 Ne3 {
0-1, Dydyshko Viacheslav 2551 - Navara David 2646 , Lubniewice 8. 9.2005 Ch
Poland (team) (extraleague) } ) 12.Nc4 ( 12.Qb3 b6 13.Re1 Qe7 14.Nc4 { +0.60
CAP } ) 12...f5 ( 12...b6 13.Bf4 Ba6 14.Qd2 Bxc4 15.Bxc4 Nf6 16.Bh6 Bxh6
17.Qxh6 a6 18.Rae1 Rb8 19.f4 b5 20.Bd3 c4 21.Bb1 Nce8 22.Kh1 Rb7 23.Rf3 Ng7
24.Rh3 Ngh5 25.Qg5 h6 26.Qh4 Nh7 27.Qg4 Kh8 28.axb5 axb5 29.Qf3 Qf6 30.Rf1 b4
31.Nd1 Qd4 32.g4 { ...1/2-1/2, Gershon Alik 2492 - Van Beek Lucien 2326 ,
Dieren 1999 It (open) } ) 13.exf5 ( 13.Bf4 fxe4 14.Qd2 Qf6 15.Bg5 Qf7 16.Rad1
Bf5 17.g4 Bd7 18.Nxe4 Bxa4 19.Ncxd6 Nxd6 20.Nxd6 Qd7 21.Ra1 Qxd6 22.Rxa4 Bd4
23.Bh6 Rf7 24.b4 Re8 25.bxc5 Bxc5 26.Bd3 b5 27.Re4 Qxd5 28.Rxe8+ Nxe8 29.Bxg6
Qxd2 30.Bxf7+ Kxf7 31.Bxd2 Nf6 32.Rb1 Nxg4 { ...1-0, Gyimesi Zoltan 2585 -
Chatalbashev Boris 2515 , Bled 2002 It (open) } ) 13...Bxf5 ( 13...Rxf5 14.Bg4
Rf8 15.Bxc8 Rxc8 16.Qb3 b6 17.f3 { +0.00 CAP } ) 14.Bf4 { +0.33 CAP } ( 14.Be3
Na6 15.Qd2 Nb4 16.g4 Bc8 17.f3 b6 18.Bg5 Qd7 19.a5 b5 20.Nxb5 Qxb5 21.Nb6 Qxe2
22.Qxe2 axb6 23.axb6 Rb8 24.Ra7 Rxb6 25.Be7 Nxd5 26.Qc4 Be6 27.Bxf8 Ndc7
28.Qf4 Bxf8 29.Re1 Rb4 30.Qg5 Rxb2 31.Qd8 Bd5 32.Qd7 Rb8 33.Rxe8 Rxe8 {
...1/2-1/2, Ftacnik Lubomir 2595 - Rogers Ian 2475 , Salonika 1984 Olympiad }
) ( 14.Ne3 Bd7 15.Bd2 b6 16.Rb1 Qh4 17.g3 Qe7 18.Bf3 Bh3 19.Bg2 Bxg2 20.Kxg2
Nf6 21.Qc2 Qd7 22.Qd3 Rae8 23.h3 { 1/2-1/2, Tasic Branislav 2239 - Vaisman
Volodia 2390 , France 1995 Ch France (team) } ) ( 14.Bf3 Na6 15.Ne4 Bxe4
16.Bxe4 Qh4 17.f4 Bd4+ 18.Kh1 Ng7 19.g3 Qf6 20.Bd2 Rae8 21.Qc2 Nb4 22.Bxb4
cxb4 23.Rae1 Re7 24.Bg2 Rfe8 25.Re4 Rxe4 26.Bxe4 Bc5 27.Qd3 Nf5 28.g4 Qe7
29.Bxf5 gxf5 30.Qxf5 Qe2 31.Qg5+ { 1/2-1/2, Bagirov Rufat 2464 - Kotsur Pavel
2572 , Abudhabi 2001 It (open) } ) 14...b6 { N } ( 14...Bd3 15.Bg3 Bxc4
16.Bxc4 Nf6 17.Be2 { 1/2-1/2, Bischoff Klaus 2541 - Kotsur Pavel 2572 ,
Hamburg 2001 It (open) } 17...Kh8 18.Qd3 a6 19.Rab1 b5 20.axb5 axb5 21.Nxb5
Nxb5 22.Qxb5 Ne4 23.Qd3 Ra4 24.Qc2 Rb4 25.Bf3 Nxg3 26.fxg3 Qb6 27.Be2 Rb8
28.Kh1 Rxb2 29.Rxb2 Qxb2 30.Qe4 Qe5 31.Qd3 Qd4 32.Rd1 Qxd3 33.Bxd3 Bh6 34.h4 {
...0-1, Belosvetov Nikolaj 2336 - Kovalev Andrei 2546 , Alushta 19. 6.2005 It
(cat.7) } ) ( 14...g5 15.Bg3 Bd4 16.Ne3 Bg6 17.Bd3 Bxd3 18.Qxd3 Ng7 19.Ne4
Nce8 20.Nc2 Bf6 21.Rae1 Nh5 22.Nxf6+ Rxf6 23.Re4 Neg7 24.b4 b6 25.Rfe1 Qf8
26.Qd2 h6 27.Ne3 Nf5 28.Nxf5 Rxf5 29.Re7 Nxg3 30.hxg3 Rf7 31.R7e6 Rf6 32.Rxf6
Qxf6 33.Re6 Qa1+ 34.Kh2 { ...1-0, Ftacnik Lubomir 2606 - Kindermann Stefan
2535 , Altensteig 1987 It } ) 15.Qd2 Rb8 16.Bf3 Qf6 17.Ne2 a6 18.Rfe1 Qd8
19.Ng3 Rf7 20.Nxf5 Rxf5 21.Bg4 Rf8 22.Be6+ Kh8 23.Ra3 b5 24.axb5 axb5 25.Na5
b4 { ?! } ( 25...Qf6 { !? } 26.Rf3 Qd4 27.Qxd4 cxd4 28.Nc6 Ra8 29.h4 d3 { } )
26.Nc6 bxa3 27.Nxd8 axb2 28.Rb1 Rxd8 29.Rxb2 Nf6 30.Rb7 Ne4 31.Qe3 Nxf2
32.Rxc7 Nd1 33.Bh6 Ba1 34.Qd2 { } {#r} 1-0

[Event "It (open)"]
[Site "Deizisau (Germany)"]
[Date "2007.04.08"]
[Round "6"]
[White "Farago Ivan (HUN)"]
[Black "Abel Dennes (GER)"]
[Result "0-1"]
[WhiteElo "2504"]
[BlackElo "2305"]

1.d4 Nf6 2.c4 e6 3.Nf3 c5 4.d5 exd5 5.cxd5 d6 6.Nc3 g6 7.Nd2 Bg7 8.e4 O-O
9.Be2 Na6 10.O-O Nc7 11.a4 b6 12.Nc4 Ba6 13.Rb1 Re8 14.f3 Qd7 15.Bd2 Nh5 16.g4
Nf6 17.Kh1 h5 18.g5 Nh7 19.Qc2 Qe7 20.Rg1 Bxc3 21.Qxc3 Nxd5 22.exd5 Qxe2
23.Nxd6 Bd3 24.Rbf1 Re5 25.Rf2 Qxf2 26.Qxd3 Re2 27.Bf4 Nxg5 28.Bg3 Qxf3+
29.Qxf3 Nxf3 30.Rf1 h4 31.Bf4 g5 32.Rxf3 gxf4 33.Rxf4 Rd8 34.Ne4 Rxb2 35.Rxh4
f5 36.Nc3 Rc2 37.Rh3 Re8 38.Rg3+ Kf7 {#R} 0-1

[Event "Verbandsliga Baden South 2006/07"]
[Site "Baden (Germany)"]
[Date "2007.04.29"]
[Round "9"]
[White "Ammann Deny (SUI)"]
[Black "Weissflog Hans-Dieter (GER)"]
[Result "1-0"]
[WhiteElo "1955"]
[BlackElo "1825"]

1.d4 Nf6 2.c4 e6 3.Nc3 c5 4.d5 exd5 5.cxd5 d6 6.e4 g6 7.Nf3 Bg7 8.Be2 O-O
9.Nd2 Na6 10.O-O Nc7 11.a4 Re8 12.Qc2 a6 13.f3 Rb8 14.a5 b5 15.axb6 Rxb6
16.Na4 Rb8 {#r} 1-0

[Event "It (open)"]
[Site "Sort (Spain)"]
[Date "2007.06.27"]
[Round "3"]
[White "Burmakin Vladimir (RUS)"]
[Black "Kohlweyer Bernd (GER)"]
[Result "1-0"]
[WhiteElo "2582"]
[BlackElo "2426"]

1.d4 Nf6 2.c4 e6 3.Nf3 c5 4.d5 d6 5.Nc3 exd5 6.cxd5 g6 7.Nd2 Bg7 8.e4 O-O
9.Be2 Na6 10.O-O Ne8 11.Nf3 h6 12.Bf4 f5 13.exf5 Bxf5 14.Bg3 g5 15.h4 Nac7
16.hxg5 hxg5 17.Qd2 Bf6 18.Bd3 Ng7 19.Ne4 Bxe4 20.Bxe4 Nh5 21.Bh2 Kg7 22.Bc2
Rh8 23.Qd3 Rh6 24.g4 Nf4 25.Bxf4 gxf4 26.Qf5 Bd4 27.g5 Rh8 28.Kg2 Qe8 29.Nxd4
{#r} 1-0

[Event "It (open)"]
[Site "Chojnice (Poland)"]
[Date "2007.07.14"]
[Round "1"]
[White "Kalata Mariusz (POL)"]
[Black "Grajczak Adrian (POL)"]
[Result "1-0"]
[WhiteElo "2172"]
[BlackElo "1995"]

1.d4 Nf6 2.c4 c5 3.d5 e6 4.Nc3 exd5 5.cxd5 d6 6.e4 g6 7.Nf3 Bg7 8.Nd2 O-O
9.Be2 Na6 10.O-O Nc7 11.a4 b6 12.a5 Bb7 13.Qb3 Re8 14.axb6 axb6 15.Rxa8 Nxa8
16.f3 Nd7 17.Bb5 Bd4+ 18.Kh1 Re5 19.Bxd7 Qxd7 20.Ne2 Ba6 21.Nc4 Rh5 22.Nxd4
cxd4 23.Bf4 Kg7 24.Rc1 f5 25.Nxb6 Qb7 26.Rc6 fxe4 27.fxe4 Qf7 28.g3 Qe8 29.Qf3
Nxb6 30.Rxb6 Qa4 31.Rc6 Qa5 32.b4 Qa2 33.Rc7+ Kg8 34.Bd2 Rf5 35.exf5 Qxd2
36.fxg6 Qe1+ 37.Kg2 Qd2+ 38.Qf2 Bf1+ 39.Kg1 {#r} 1-0

[Event "It \"]
[Site "Alushta (Ukraine)"]
[Round "8"]
[White "Kovalenko Igor (UKR)"]
[Black "Akshayraj Kore (IND)"]
[Result "1-0"]
[WhiteElo "2429"]
[BlackElo "2416"]

1.d4 Nf6 2.c4 c5 3.d5 e6 4.Nc3 exd5 5.cxd5 d6 6.Nf3 g6 7.Nd2 Bg7 8.e4 O-O
9.Be2 Na6 10.O-O Nc7 11.Kh1 Rb8 12.a4 b6 13.f4 a6 14.Nc4 b5 15.Na5 Bb7 16.Nxb7
Rxb7 17.Bf3 b4 18.Nb1 Re8 19.Nd2 Na8 20.Qc2 Rbe7 21.Rb1 Nb6 22.b3 a5 23.Bb2
Nfd7 24.Bxg7 Kxg7 25.Qb2+ f6 26.Rbc1 h5 27.Rg1 Rh8 28.g4 hxg4 29.Bxg4 Rh6
30.Be6 Kf8 31.Rg2 Reh7 32.Rcg1 c4 33.Nxc4 Nxc4 34.bxc4 Kg7 35.Qd4 Qh8 36.Qf2
Nc5 37.Rxg6+ Rxg6 38.Rxg6+ Kxg6 39.Qg3+ Kh6 40.Bf5 Qe8 41.Qh4+ Kg7 42.Qxh7+
Kf8 43.Bg6 Qd7 44.Qh8+ Ke7 45.e5 dxe5 46.Qg7+ Kd8 47.Qf8+ {#r} 1-0

[Event "Ch Extremadura (team)"]
[Site "Extremadura (Spain)"]
[Date "2008.01.26"]
[Round "2"]
[White "Macias Rodriguez Francisco (ESP)"]
[Black "Galan Martin Pedro Juan (ESP)"]
[Result "0-1"]
[WhiteElo "2017"]
[BlackElo "2104"]

1.d4 Nf6 2.Nf3 e6 3.c4 c5 4.d5 exd5 5.cxd5 d6 6.Nc3 g6 7.e4 Bg7 8.Bb5+ Bd7
9.Be2 O-O 10.O-O Bg4 11.Qb3 b6 12.Bf4 Re8 13.Rfe1 Nxe4 14.Bb5 Bxc3 15.bxc3 Bd7
16.Bd3 Qf6 17.Rxe4 Rxe4 18.Bg5 Qf5 19.Qc2 Ba4 20.Qd2 Nd7 21.Bxe4 Qxe4 22.Re1
Qf5 23.h3 Nf6 24.Nh4 Qxd5 25.Qf4 Nh5 26.Qxa4 Qxg5 27.Qc6 Rf8 28.Nf3 Qf6 29.c4
Nf4 30.Ne5 Qg5 31.Nd7 Rd8 32.h4 Qxg2+ 33.Qxg2 Nxg2 34.Nf6+ Kg7 35.Ne8+ Kf8
{#R} 0-1